000 00865nam a2200217Ia 4500
003 GCL
008 140319s9999 xx 000 0 ara d
040 _aGCL /
_cGCL
082 0 4 _a330.0956
_bح د
100 1 _aحميد الجميلى
245 1 0 _aدراسات فى المحتوى الاقتصادى للمنظور الشرق اوسطى /
_cحميد الجميلى
260 _aالقاهرة :
_bاكاديمية الدراسات العليا والبحوث الاقتصادية ،
_c1998
300 _a241 ص ؛
_c24 سم
490 _aالهيئة العامة للاستعلامات
_v0
650 0 4 _aالاقتصاد
650 0 4 _aالنزاع العربى الاسرائيلى
650 0 4 _aالشرق الاوسط
650 0 4 _aمصادر المياه
650 0 4 _aالشرق الاوسط - العلاقات الخارجية
942 _2ddc
_cBK
999 _c49726
_d49726